[Event "Mondariz Cemar op 2nd"]
[Site "Mondariz"]
[Date "2015.08.20"]
[Round "6"]
[White "Ferreiro Diaz, Miguel"]
[Black "Laliena Solanes, Luis M"]
[Result "0-1"]
[WhiteElo "1877"]
[BlackElo "2207"]
[PlyCount "72"]
[EventDate "2015.08.16"]
[EventType "swiss"]
[EventRounds "9"]
[EventCountry "ESP"]
[SourceTitle "EXT 2019"]
[Source "ChessBase"]
[SourceDate "2018.10.10"]
[SourceVersion "1"]
[SourceVersionDate "2018.10.10"]
[SourceQuality "1"]

1. e4 c6 2. d4 d5 3. f3 Qb6 4. Nc3 e5 5. dxe5 Bc5 6. Na4 Qa5+ 7. c3 Bxg1 8. Rxg1 dxe4 9. Qd4 Ne7 10. Nc5 0-0 11. Bg5 Nf5 12. Qf2 Re8 13. 0-0-0 e3 14. Bxe3 Nxe3 15. Qxe3 Qxa2 16. Qf4 b5 17. Bd3 Na6 18. Bb1 Qa5 19. Ne4 b4 20. Nd6 Rf8 21. Qh4 g6 22. cxb4 Qxb4 23. Rd4 Qc5+ 24. Kd1 Be6 25. Re1 Bb3+ 26. Ke2 Nc7 27. Kf1 Nb5 28. Nf5 Nxd4 29. Nxd4 Bc4+ 30. Kg1 Rad8 31. Re4 Bd5 32. Re1 Be6 33. Rd1 Qxe5 34. f4 Qe3+ 35. Qf2 Qxf2+ 36. Kxf2 c5 0-1

[Event "Mondariz Marcote Memorial"]
[Site "Mondariz"]
[Date "2014.08.22"]
[Round "7"]
[White "Ferreiro Diaz, Miguel"]
[Black "Salgado Gonzalez, Julio"]
[Result "1-0"]
[WhiteElo "1723"]
[BlackElo "1838"]
[PlyCount "115"]
[EventDate "2014.08.16"]
[EventType "swiss"]
[EventRounds "9"]
[EventCountry "ESP"]
[SourceTitle "EXT 2015"]
[Source "ChessBase"]
[SourceDate "2014.11.20"]
[SourceVersion "1"]
[SourceVersionDate "2014.11.20"]
[SourceQuality "1"]

1. e4 Nc6 2. Nc3 Nf6 3. Bc4 Nxe4 4. Nxe4 d5 5. Bd3 dxe4 6. Bxe4 e5 7. c3 Bd6 8. h3 0-0 9. Qh5 f5 10. Bd5+ Kh8 11. Nf3 g6 12. Qh6 Qf6 13. 0-0 Nd8 14. d3 Nf7 15. Bxf7 Qxf7 16. Re1 Re8 17. Ng5 Qg7 18. Qxg7+ Kxg7 19. f4 h6 20. Nf3 e4 21. dxe4 fxe4 22. Nd4 Bd7 23. Be3 h5 24. Rad1 Rad8 25. b3 b6 26. Rd2 c5 27. Ne2 Bf5 28. Red1 Be7 29. Kf1 h4 30. Kf2 Bf6 31. Rxd8 Rxd8 32. Rxd8 Bxd8 33. Bd2 Kf7 34. c4 Bf6 35. Bc3 Be7 36. Ke3 Ke6 37. Be5 g5 38. Nc3 gxf4+ 39. Bxf4 Bf6 40. Nxe4 Bd4+ 41. Kf3 Kd7 42. Bg5 Kc6 43. Bxh4 b5 44. cxb5+ Kd5 45. Nd2 Bd3 46. a4 a6 47. b6 Kc6 48. Bd8 Bc3 49. Ke3 Bc2 50. g4 Bxd2+ 51. Kxd2 Bxb3 52. a5 Bd5 53. Bf6 Kd7 54. Ke3 c4 55. Bc3 Be6 56. Kf4 Bd5 57. h4 Ke6 58. g5 1-0

[Event "Mondariz Marcote Memorial"]
[Site "Mondariz"]
[Date "2014.08.21"]
[Round "6"]
[White "Silva, Mariana Sofia Teixe"]
[Black "Ferreiro Diaz, Miguel"]
[Result "0-1"]
[WhiteElo "1639"]
[BlackElo "1723"]
[PlyCount "212"]
[EventDate "2014.08.16"]
[EventType "swiss"]
[EventRounds "9"]
[EventCountry "ESP"]
[SourceTitle "EXT 2015"]
[Source "ChessBase"]
[SourceDate "2014.11.20"]
[SourceVersion "1"]
[SourceVersionDate "2014.11.20"]
[SourceQuality "1"]

1. e4 d5 2. exd5 Nf6 3. d4 Bg4 4. Bb5+ Nbd7 5. f3 Bf5 6. Ne2 Nxd5 7. Ng3 Bg6 8. c4 N5b6 9. d5 a6 10. Bxd7+ Qxd7 11. Qe2 0-0-0 12. Nc3 Re8 13. Be3 e6 14. d6 Bxd6 15. Nge4 Bxe4 16. fxe4 Qc6 17. b3 Bc5 18. 0-0 f6 19. Rad1 Rd8 20. Kh1 Bxe3 21. Qxe3 Nd7 22. Ne2 Qc5 23. Qh3 Qe7 24. Nd4 Rde8 25. Rd2 Kb8 26. Rfd1 Ne5 27. Ne2 h6 28. Nf4 Rhg8 29. Rd4 Rgf8 30. Qg3 Qf7 31. h4 g5 32. Ne2 Qh5 33. R4d2 gxh4 34. Qh3 Rg8 35. Nf4 Qg4 36. Rf1 Qxh3+ 37. Nxh3 Ng4 38. Rd7 Kc8 39. Rh7 Ref8 40. Nf4 Re8 41. Nh5 Rg6 42. Nf4 Rg5 43. Nh3 Re5 44. Rf4 Rg8 45. Nf2 Nxf2+ 46. Rxf2 Rxe4 47. Rxh6 f5 48. Rh7 b6 49. Kh2 Kb7 50. Rd2 Reg4 51. Re7 R8g6 52. Re2 Re4 53. Rd2 e5 54. Rh7 Rd4 55. Rf2 Rf6 56. Rh5 Kc6 57. Rhxf5 Rxf5 58. Rxf5 Re4 59. Rf6+ Kc5 60. Rf2 Kd4 61. Kh3 b5 62. cxb5 axb5 63. Rc2 c5 64. g3 hxg3 65. Kxg3 Re1 66. Rf2 Re3+ 67. Kg2 Kd3 68. Kf1 e4 69. Kg1 Re1+ 70. Kg2 Re2 71. Rxe2 Kxe2 72. a4 c4 73. bxc4 bxc4 74. a5 c3 75. a6 c2 76. a7 c1Q 77. a8Q Qg5+ 78. Kh2 Kf3 79. Qa3+ e3 80. Qa8+ Kf2 81. Qf8+ Ke2 82. Qb4 Qh5+ 83. Kg1 Qg6+ 84. Kh2 Qh7+ 85. Kg1 Qg7+ 86. Kh2 Qe5+ 87. Kg2 Qd5+ 88. Kh2 Qd2 89. Qg4+ Kf1+ 90. Kh3 Qe2 91. Qf5+ Ke1 92. Qb1+ Qd1 93. Qb4+ Kf2 94. Qh4+ Ke2 95. Qg4+ Ke1 96. Qg1+ Kd2 97. Qg2+ e2 98. Qg5+ Kc2 99. Qc5+ Kb2 100. Qe5+ Kb1 101. Qe4+ Qc2 102. Qb4+ Kc1 103. Qf4+ Kb2 104. Qf2 Qd2 105. Qb6+ Kc2 106. Qc5+ Qc3+ 0-1